Structural dynamics in practice : A guide for professional engineers /
Enregistré dans:
| Auteur principal: | |
|---|---|
| Format: | Livre |
| Langue: | anglais |
| Publié: |
London :
McGraw-Hill,
1994
|
| Tags: |
Pas de tags, Soyez le premier à ajouter un tag!
|
MARC
| LEADER | 00000nam a22000003a 4500 | ||
|---|---|---|---|
| 001 | stu30334 | ||
| 005 | 20150617225734.5 | ||
| 008 | 970514s1994----uk------------------eng-d | ||
| 020 | |a 0-07-707813-6 | ||
| 040 | |a STU |b slo | ||
| 041 | 0 | |a eng | |
| 044 | |a uk | ||
| 080 | |a 624.1 | ||
| 100 | 1 | |a Bolton, Arthur |4 aut | |
| 245 | 1 | |a Structural dynamics in practice : |b A guide for professional engineers / |c [aut]Bolton,Arthur | |
| 260 | |a London : |b McGraw-Hill, |c 1994 | ||
| 300 | |a 340 s | ||
| 996 | |c V*44478/O-19381 |l VV9 |s P |a 0 |w stu30334_0001 | ||